000 00801nam a22002297a 4500
005 20180803165628.0
008 150120b ck Il |r|||| 00| 0 spa d
020 _a9789589935262
040 _aCO-BoIAVH
_cCO-BoIAVH
041 _aspa
044 _ack
090 _aEA
_b00279
245 _aCartilla de Buenas Prácticas para el Manejo, Consumo y Cuidado del Agua
260 _aTunja :
_bCorporación Autónoma Regional de Boyacá-CORPOBOYACA,
_bONG Cabildo Verde Los Sauces,
_c[Sin fecha de publicación]
300 _a36 pag
_bIl., fot (col)
_c19 cm.
504 _aIncluye referencias bibliográficas (pag 33)
650 4 _aAgua
_xLegislación
_931810
650 4 _aRecursos hídricos
_992528
650 _a Uso del agua
_931812
650 _aConservación del agua
_931813
942 _2z
_cLIBRO
999 _c9014
_d9014